Ślaski przeglad statystyczny

Gespeichert in:
Bibliographische Detailangaben
Format: Schriftenreihe
Sprache:Polnisch
Veröffentlicht: Wroclaw Publishing House of the Wroclaw University of Economics and Business 2021
Tags: Tag hinzufügen
Keine Tags, Fügen Sie das erste Tag hinzu!

MARC

LEADER 00000nas2a2200000 4500
001 0289651
005 20240827141324.8
022 |a 1644-6739 
041 0 |a pol 
044 |a PL 
245 1 0 |a Ślaski przeglad statystyczny 
264 1 |a Wroclaw  |b Publishing House of the Wroclaw University of Economics and Business  |c 2021 
773 0 |w eu_un_cat*0013655 
774 0 |w eu_un_cat*0303855